000 00596nam a22002297a 4500
003 UA-OsUOA
001 95786
007 ta
008 20130306b un ||||| |||| 00| 0 ukr d
100 _aКарпентьєр А.
090 _a821.134.2
_bК26
942 _cBK
040 _aUA-OsUOA
_brus
_cUA-OsUOA
_dUA-OsUOA
245 _aВесна священна
_bроман
300 _a629 с.
955 _a3
041 _arus
080 _a821.134.2
260 _aК.
_bДніпро
_c1983
650 7 _a82 Література. Літературознавство
_2UDC
999 _c382032
_d382032